[Event "4NCL/Div4/MET vs. SSC"]
[Site "Wokefield Park ENG"]
[Date "2007.11.25"]
[Round "4.2"]
[White "Salimbeni, George"]
[Black "Djabri, Zafer M"]
[Result "1/2-1/2"]
[WhiteElo "2058"]
[BlackElo "2080"]
[PlyCount "134"]
[EventDate "2007.11.25"]
[EventType "team"]
[EventRounds "11"]
[EventCountry "ENG"]
[SourceDate "2007.09.15"]

1. e4 c5 2. c3 Nf6 3. e5 Nd5 4. d4 cxd4 5. Nf3 e6 6. cxd4 d6 7. Bc4 Nc6 8. O-O
Be7 9. Qe2 O-O 10. Nc3 Nxc3 11. bxc3 dxe5 12. dxe5 Qa5 13. Qe4 Qa4 14. Bg5 h6
15. Bxe7 Nxe7 16. Bd3 Qxe4 17. Bxe4 Nd5 18. Rac1 Bd7 19. Nd4 Rac8 20. c4 Nb6
21. c5 Na4 22. c6 bxc6 23. Nxc6 Bxc6 24. Bxc6 Nb2 25. Be4 Nc4 26. f4 Nd2 27.
Bb7 Rb8 28. Rfd1 Rfd8 29. Rc2 Rxb7 30. Rcxd2 Rxd2 31. Rxd2 Rb4 32. g3 Ra4 33.
Kf2 Kf8 34. Ke2 Ke7 35. Kd1 g5 36. fxg5 {=} hxg5 37. Ke1 g4 38. Kf2 Re4 39. Re2
Rxe2+ 40. Kxe2 f6 41. exf6+ Kxf6 42. Kf2 Kf5 43. Kg2 Ke4 44. h4 gxh3+ 45. Kxh3
Kf3 46. g4 Kf4 47. Kh4 e5 48. g5 e4 49. g6 e3 50. g7 e2 51. g8=Q e1=Q+ 52. Kh5
Qh1+ 53. Kg6 Qg2+ 54. Kh7 Qh3+ 55. Kg7 Qg4+ 56. Kh7 Qh5+ 57. Kg7 Qe5+ 58. Kh7
Qh5+ 59. Kg7 {=} Qa5 60. Qc4+ Ke3 61. Kf6 Kd2 62. Qf4+ Kd1 63. Qc4 Qa3 64. Ke5
a5 65. Kd4 Kd2 66. Qb3 Qd6+ 67. Kc4 Qc6+ 1/2-1/2

[Event "4NCL/Div4/MET vs. SSC"]
[Site "Wokefield Park ENG"]
[Date "2007.11.25"]
[Round "4.3"]
[White "Fegan, Chris"]
[Black "Fraser, Joe P"]
[Result "0-1"]
[WhiteElo "2091"]
[BlackElo "1967"]
[PlyCount "114"]
[EventDate "2007.11.25"]
[EventType "team"]
[EventRounds "11"]
[EventCountry "ENG"]
[SourceDate "2007.09.15"]

1. d4 Nf6 2. Nf3 g6 3. Nc3 d5 4. Bf4 Bg7 5. Qd2 Ne4 6. Nxe4 dxe4 7. Ne5 Nd7 8.
Ng4 Nb6 9. f3 Qxd4 10. Qxd4 Bxd4 11. O-O-O c5 12. e3 Bg7 13. Bb5+ Bd7 14. Rxd7
Nxd7 15. Rd1 O-O-O 16. Rd5 exf3 17. gxf3 h5 18. Nf2 Bh6 19. Bxh6 Rxh6 20. Ne4
f6 21. f4 b6 22. Ba6+ Kb8 23. Nc3 Rhh8 24. Bd3 f5 25. h3 Rhf8 26. a3 Kb7 27. b4
cxb4 28. axb4 Nb8 29. Re5 Nc6 30. Re6 Rd6 31. Rxd6 exd6 32. b5 Ne7 33. Ne2 Kc7
34. Kd2 d5 35. Nd4 Kd6 36. Be2 Ng8 37. Nc6 a5 38. Ne5 Ne7 39. h4 Rf6 40. Kc3 a4
41. Bf3 Re6 42. Kb4 Rxe5 43. fxe5+ Kxe5 44. Kxa4 f4 45. exf4+ Kxf4 46. Bh1 Ke5
47. Kb4 Nf5 48. c4 dxc4 49. Kxc4 Nxh4 50. Kd3 Nf5 51. Bc6 g5 52. Be8 h4 53. Ke2
g4 54. Kf2 Kf4 55. Bc6 h3 56. Kg1 g3 57. Kh1 Nd4 0-1

[Event "4NCL/Div4/MET vs. SSC"]
[Site "Wokefield Park ENG"]
[Date "2007.11.25"]
[Round "4.4"]
[White "Tucker, Andrew L"]
[Black "Vachtfeidl, Petr"]
[Result "1/2-1/2"]
[WhiteElo "1957"]
[BlackElo "2016"]
[PlyCount "139"]
[EventDate "2007.11.25"]
[EventType "team"]
[EventRounds "11"]
[EventCountry "ENG"]
[SourceDate "2007.09.15"]

1. d4 Nf6 2. Bg5 e6 3. e3 Be7 4. Bd3 b6 5. f4 Bb7 6. Nf3 d6 7. O-O Nbd7 8. c3
Ne4 9. Bxe7 Qxe7 10. Nbd2 f5 11. Qc2 Ndf6 12. Rae1 O-O 13. a4 a6 14. b4 c5 15.
Nc4 Nd5 16. bxc5 bxc5 17. Bxe4 fxe4 18. Nfd2 Nf6 19. dxc5 dxc5 20. a5 Rfd8 21.
Ne5 Qc7 22. Ndc4 Bd5 23. Nb6 Rab8 24. g4 Bc6 25. c4 Ne8 26. Rf2 Nd6 27. Rd1 Nf7
28. Nxf7 Kxf7 29. Rfd2 Ke8 30. Kf1 Rxd2 31. Qxd2 Rd8 32. Qxd8+ Qxd8 33. Rxd8+
Kxd8 34. Kf2 g6 35. Kg3 h6 36. h4 Ke7 37. h5 gxh5 38. gxh5 Be8 39. Kg4 Kf6 40.
Na8 e5 41. Nc7 Bd7+ 42. Kg3 Bc8 43. Nd5+ Ke6 44. Nb6 exf4+ 45. Kxf4 Bb7 46. Na4
Kd6 47. Nc3 Bc8 48. Nxe4+ Kc6 49. Nd2 Be6 50. Ke5 Bf7 51. Kf6 Bxh5 52. Kg7 Be2
53. Kxh6 Kd6 54. Kg5 Ke5 55. Kh4 Kf5 56. Kg3 Ke5 57. Kf2 Bh5 58. Ke1 Bg4 59.
Kf2 Bh5 60. Kg3 Be2 61. Kh4 Kf5 62. Kh3 Ke5 63. Kg3 Bh5 64. Kh4 Be2 65. Kg5 Bd3
66. Kh6 Kf6 67. Kh5 Kf5 68. Kh4 Be2 69. Kg3 Ke5 70. Kf2 1/2-1/2

[Event "4NCL/Div4/MET vs. SSC"]
[Site "Wokefield Park ENG"]
[Date "2007.11.25"]
[Round "4.5"]
[White "Calvert, D Ian"]
[Black "Grant, David"]
[Result "1-0"]
[WhiteElo "2058"]
[BlackElo "1924"]
[PlyCount "107"]
[EventDate "2007.11.25"]
[EventType "team"]
[EventRounds "11"]
[EventCountry "ENG"]
[SourceDate "2007.09.15"]

1. b3 d5 2. Bb2 Nf6 3. Nf3 g6 4. c4 c6 5. g3 Bg7 6. Bg2 O-O 7. O-O Nbd7 8. d4
Nb6 9. Nbd2 Ne4 10. cxd5 cxd5 11. Nxe4 dxe4 12. Ne5 f6 13. Nc4 Nxc4 14. bxc4 f5
15. e3 Qc7 16. Qb3 e6 17. Rfd1 Bd7 18. Rac1 Rab8 19. d5 Bxb2 20. Qxb2 Rfc8 21.
Bf1 Ba4 22. Rd4 e5 23. d6 Qb6 24. Qxb6 axb6 25. d7 Rd8 26. Rd6 Rxd7 27. Rxd7
Bxd7 28. Rb1 Bc6 29. Rxb6 Ra8 30. Rb2 Rd8 31. Be2 g5 32. Kf1 f4 33. Ke1 Kf7 34.
Rd2 Rxd2 {=} 35. Kxd2 Ke6 36. Kc3 Kd6 37. Kb4 b6 38. Bd1 Bd7 39. Ba4 Be6 40.
Bc2 Bf5 41. Kb5 Kc7 42. c5 Bd7+ 43. Kb4 Bc6 44. a4 h5 45. cxb6+ Kxb6 46. a5+
Kc7 47. Ba4 Bb7 48. Kc5 h4 49. Bb5 fxg3 50. fxg3 hxg3 51. hxg3 Ba8 52. Bc4 Bb7
53. Bd5 Bc8 54. Bxe4 1-0

[Event "4NCL/Div4/MET vs. SSC"]
[Site "Wokefield Park ENG"]
[Date "2007.11.25"]
[Round "4.6"]
[White "Woods, Tim"]
[Black "Cooke, Charlie"]
[Result "0-1"]
[WhiteElo "1940"]
[BlackElo "1845"]
[PlyCount "144"]
[EventDate "2007.11.25"]
[EventType "team"]
[EventRounds "11"]
[EventCountry "ENG"]
[SourceDate "2007.09.15"]

1. e4 e5 2. Bc4 Bc5 3. Nf3 Nc6 4. d3 h6 5. O-O Nf6 6. c3 O-O 7. Nbd2 d6 8. Re1
Bg4 9. h3 Bh5 10. Nf1 Qe7 11. Ng3 Bg6 12. Nh4 Bh7 13. Nhf5 Qd7 14. Qf3 Qd8 15.
Bxh6 gxh6 16. Nxh6+ Kg7 17. Ngf5+ Bxf5 18. Nxf5+ Kh8 19. Qg3 Rg8 20. Qh4+ Nh7
21. Bxf7 Qxh4 22. Nxh4 Rgd8 23. Nf5 Ng5 24. Bd5 Re8 25. b4 Bb6 26. a4 a6 27.
Re2 Rab8 28. Ne3 Ne7 29. Bb3 Rf8 30. b5 Bxe3 31. Rxe3 axb5 32. axb5 Ra8 33.
Rxa8 Rxa8 34. Rg3 Ra3 35. Bc4 Nh7 36. d4 exd4 37. cxd4 Rxg3 38. fxg3 Nf6 39.
Bd3 c6 40. bxc6 Nxc6 41. e5 dxe5 42. dxe5 Nxe5 43. Bb5 Ne4 44. g4 Kg7 45. g3
Nxg3 46. Kf2 Ne4+ 47. Ke3 Nd6 48. Bf1 Kf6 49. Kd4 Ke6 50. Kc5 Nd7+ 51. Kb4 b6
52. h4 Ne5 53. g5 Kf5 54. h5 Kxg5 55. Be2 Nd7 56. h6 Kxh6 57. Bf1 Kg5 58. Bd3
Kf4 59. Bh7 Ke5 60. Bd3 Kd4 61. Bf1 Ne5 62. Kb3 Kc5 63. Be2 Nec4 64. Bg4 b5 65.
Be6 b4 66. Kc2 Na5 67. Kb2 Kd4 68. Bg8 Ndc4+ 69. Kc2 b3+ 70. Kb1 Kc3 71. Bh7
Nc6 72. Bg8 Nd2+ 0-1

[Event "4NCL/Div4/ATH vs. CONQ1"]
[Site "Wokefield Park ENG"]
[Date "2007.11.25"]
[Round "4.1"]
[White "Spreeuw, Jaap"]
[Black "Polaczek, Richard"]
[Result "1/2-1/2"]
[WhiteElo "2276"]
[BlackElo "2425"]
[PlyCount "102"]
[EventDate "2007.11.25"]
[EventType "team"]
[EventRounds "11"]
[EventCountry "ENG"]
[SourceDate "2007.09.15"]

1. Nf3 d5 2. c4 d4 3. e3 Nc6 4. exd4 Nxd4 5. Nxd4 Qxd4 6. Nc3 c6 7. d3 e5 8.
Be3 Qh4 9. d4 exd4 10. Qxd4 Qxd4 11. Bxd4 Nh6 12. f3 Nf5 13. Bf2 Bb4 14. O-O-O
Bxc3 15. bxc3 Be6 16. Kb2 O-O 17. c5 b5 18. Bd3 Ne7 19. Rhe1 Rfe8 20. Bg3 Nd5
21. a3 a5 22. c4 bxc4 23. Bxc4 Ne3 24. Rxe3 Bxc4 25. Rxe8+ Rxe8 26. Re1 Rxe1
27. Bxe1 a4 28. Kc3 Bf1 29. g3 f6 30. Kd4 Kf7 31. Ke4 Ke6 32. g4 Bg2 33. Bd2
Bh3 34. Bc3 g5 35. Bd2 f5+ 36. gxf5+ Bxf5+ 37. Kd4 h6 38. Ba5 Bc2 39. Bc3 Bd1
40. Ke4 Bc2+ 41. Kd4 Kf5 42. Ke3 Bd1 43. Bg7 h5 44. Bc3 Ke6 45. Ke4 Bc2+ 46.
Kd4 Bf5 47. Bd2 Kf6 48. Bc3 Be6 49. Ke4+ Kg6 50. Ke5 Bd5 51. f4 gxf4 1/2-1/2

[Event "4NCL/Div4/ATH vs. CONQ1"]
[Site "Wokefield Park ENG"]
[Date "2007.11.25"]
[Round "4.2"]
[White "Prizant, Michael"]
[Black "Hopper, Paul"]
[Result "0-1"]
[WhiteElo "2182"]
[BlackElo "2166"]
[PlyCount "72"]
[EventDate "2007.11.25"]
[EventType "team"]
[EventRounds "11"]
[EventCountry "ENG"]
[SourceDate "2007.09.15"]

1. e4 d6 2. d4 Nf6 3. Nc3 g6 4. Nf3 Bg7 5. Bg5 c6 6. Qd2 b5 7. Bd3 Qc7 8. Bh6
Bxh6 9. Qxh6 Nbd7 10. O-O Bb7 11. Rfe1 e5 12. a4 b4 13. Na2 c5 14. dxc5 dxc5
15. b3 Qd6 16. Rad1 Qf8 17. Qh4 Qe7 18. c3 a5 19. cxb4 cxb4 20. Bb5 Ba6 21.
Bxa6 Rxa6 22. Nc1 O-O 23. Nd3 Rc6 24. Qg5 Re8 25. h3 Rc3 26. Nc1 Nc5 27. Nd2
Qe6 28. f3 Nh5 29. Nc4 Nxb3 30. Nxb3 Qxc4 31. Rd8 Rxd8 32. Qxd8+ Kg7 33. Nxa5
Qc5+ 34. Kh2 Rxf3 35. Qd5 Rxh3+ 36. gxh3 Qf2+ 0-1

[Event "4NCL/Div4/ATH vs. CONQ1"]
[Site "Wokefield Park ENG"]
[Date "2007.11.25"]
[Round "4.3"]
[White "Wade, Robert G"]
[Black "Bailey, Kevin"]
[Result "1/2-1/2"]
[WhiteElo "2151"]
[BlackElo "2104"]
[PlyCount "104"]
[EventDate "2007.11.25"]
[EventType "team"]
[EventRounds "11"]
[EventCountry "ENG"]
[SourceDate "2007.09.15"]

1. d4 d5 2. Nc3 Nf6 3. Bg5 e6 4. e4 Be7 5. e5 Nfd7 6. Bxe7 Qxe7 7. f4 O-O 8.
Nf3 c5 9. dxc5 Nc6 10. Bd3 f6 11. exf6 Qxf6 12. g3 Nxc5 13. O-O Bd7 14. Qd2 Be8
15. Rae1 Nxd3 16. cxd3 Bg6 17. Ne5 Nxe5 18. fxe5 Qe7 19. Rxf8+ Rxf8 20. Rf1
Rxf1+ 21. Kxf1 d4 22. Ne2 Qc5 23. Qc1 Qd5 24. Qc8+ Kf7 25. Qc7+ Kg8 26. Kf2 Qh1
27. Qd8+ Kf7 28. Qxd4 Qxh2+ 29. Ke1 Qh1+ 30. Kd2 Qd5 31. Qxd5 exd5 32. Ke3 Ke6
33. Kd4 Kf5 34. Nf4 Bf7 35. b4 g5 36. Nxd5 h5 37. Ne3+ Kg6 38. a4 h4 39. gxh4
gxh4 40. Ke4 Kg5 41. d4 Be8 42. b5 h3 43. Kf3 h2 44. Kg2 Kf4 45. Nc4 Bf7 46.
Nd6 h1=Q+ 47. Kxh1 Bd5+ 48. Kg1 Ke3 49. a5 Kxd4 50. b6 axb6 51. axb6 Kxe5 52.
Nxb7 Bxb7 1/2-1/2

[Event "4NCL/Div4/ATH vs. CONQ1"]
[Site "Wokefield Park ENG"]
[Date "2007.11.25"]
[Round "4.4"]
[White "Ynojosa, Felix J"]
[Black "McKeown, Paul"]
[Result "0-1"]
[WhiteElo "2085"]
[BlackElo "2095"]
[PlyCount "152"]
[EventDate "2007.11.25"]
[EventType "team"]
[EventRounds "11"]
[EventCountry "ENG"]
[SourceDate "2007.09.15"]

1. e4 Nf6 2. e5 Nd5 3. d4 d6 4. exd6 cxd6 5. c4 Nb6 6. Nc3 g6 7. Be3 Bg7 8. Bd3
O-O 9. Nge2 Nc6 10. O-O d5 11. c5 Nc4 12. Bxc4 dxc4 13. Qa4 Nxd4 14. Bxd4 Bxd4
15. Rad1 Bd7 16. Qxc4 Bg7 17. Qb4 Qc8 18. Nd5 Bf6 {=} 19. Nxf6+ exf6 20. Nc3
Bc6 21. Nd5 Bxd5 22. Rxd5 Qe6 23. Rfd1 Rfe8 24. h3 a5 25. Qc3 a4 26. a3 Rac8
27. Qd4 Qc6 28. Qf4 Re1+ 29. Rxe1 Qxd5 30. Qxa4 Qxc5 31. Qf4 Kg7 32. Qf3 Rc6
33. b4 Qc4 34. Kh2 h5 35. Re7 b5 36. g3 f5 37. Re5 Rd6 38. Re3 Rd2 39. Kg2 Rc2
40. Rd3 Rc1 41. Qe3 Qc6+ 42. Qf3 Qc4 {=} 43. Qd5 Qc2 44. Qe5+ Kh7 45. Rd7 Qc6+
46. Qd5 Qxd5+ 47. Rxd5 Rc3 48. Rxb5 Rxa3 49. Rb8 Rb3 50. b5 Kg7 51. b6 Kf6 52.
b7 Ke7 53. Kf1 Kd7 54. Rf8 Rxb7 55. Rxf7+ Kc8 56. Rf6 Rg7 57. Ke2 Kd7 58. Kf3
Ke7 {=} 59. Ra6 Kf7 60. Kf4 Kg8 61. Kg5 Kh7 62. Rb6 Rg8 63. Re6 Rg7 64. Re8 Ra7
65. f4 Rg7 66. Re6 Rg8 67. Re7+ Rg7 68. Kf6 Rxe7 69. Kxe7 Kg8 70. Kf6 Kh7 71.
Kf7 Kh6 72. Kg8 g5 73. Kf7 h4 74. Kf6 g4 75. hxg4 fxg4 76. gxh4 g3 0-1

[Event "4NCL/Div4/ATH vs. CONQ1"]
[Site "Wokefield Park ENG"]
[Date "2007.11.25"]
[Round "4.5"]
[White "Stevenson, James A B"]
[Black "Foster, James C"]
[Result "1/2-1/2"]
[WhiteElo "2067"]
[BlackElo "1970"]
[PlyCount "148"]
[EventDate "2007.11.25"]
[EventType "team"]
[EventRounds "11"]
[EventCountry "ENG"]
[SourceDate "2007.09.15"]

1. Nf3 d6 2. e4 Nd7 3. d4 e5 4. c4 c6 5. Nc3 Ngf6 6. Be2 Be7 7. O-O O-O 8. Re1
a6 9. Rb1 Ne8 10. b4 g6 11. dxe5 dxe5 12. c5 Nc7 13. Bc4 Bf6 14. Qb3 Qe7 15.
Bh6 Re8 16. Rbd1 b5 17. Bf1 Ne6 18. Be3 Ra7 19. Rd6 Rc7 20. g3 Ndf8 21. Red1
Nd8 22. Bg2 Nb7 23. h3 a5 24. a3 Be6 25. Qc2 Ra8 26. Qb2 Rcc8 27. R6d2 Kg7 28.
Kh2 h6 29. Qc1 g5 30. Bf1 Kh7 31. Qb2 a4 32. Ne2 Ng6 33. Nc1 Bg7 34. Qc2 Rf8
35. Bd3 Qc7 36. Qc3 Rae8 37. Bb1 g4 38. Ng1 gxh3 39. Ba2 Bc8 40. f3 Ne7 41.
Nxh3 Kh8 42. Kg2 f5 43. Nf2 Rf6 44. Rh1 Ref8 45. Bg5 {=} Rg6 46. Bh4 fxe4 47.
fxe4 Ng8 48. Qe3 Be6 49. Bxe6 Rxe6 50. Rhd1 Rg6 51. Rd7 Qc8 52. Qe2 Bf6 53. Qh5
Qe8 54. Ng4 Bxh4 55. Qxh4 Qe6 56. Ne3 Rf4 57. Qh5 Rg5 58. Qxg5 hxg5 59. gxf4
exf4 60. Nf5 Qxe4+ 61. Kf2 Nxc5 62. bxc5 Qc2+ 63. Ne2 Qxf5 64. Rh1+ Nh6 65.
Rxh6+ Kg8 66. Rd8+ Kf7 67. Rxc6 Qh3 68. Rdd6 Qe3+ 69. Kf1 Qh3+ 70. Ke1 f3 71.
Rf6+ Ke7 72. Rfe6+ Kf7 73. Rf6+ Ke7 74. Rfe6+ Kf7 1/2-1/2

[Event "4NCL/Div4/ATH vs. CONQ1"]
[Site "Wokefield Park ENG"]
[Date "2007.11.25"]
[Round "4.6"]
[White "Adair, James"]
[Black "Aniecko, Colin"]
[Result "1-0"]
[WhiteElo "2044"]
[BlackElo "1712"]
[PlyCount "61"]
[EventDate "2007.11.25"]
[EventType "team"]
[EventRounds "11"]
[EventCountry "ENG"]
[SourceDate "2007.09.15"]

1. e4 c5 2. Nc3 g6 3. g3 Bg7 4. Bg2 Nc6 5. d3 e6 6. Be3 b6 7. Nge2 Nge7 8. O-O
Bb7 9. d4 cxd4 10. Nxd4 Nxd4 11. Bxd4 Bxd4 12. Qxd4 O-O 13. Rad1 Bc6 14. f4 b5
15. Rd2 Qb6 16. Qxb6 axb6 17. a3 Rfd8 18. Rfd1 Kf8 19. e5 Bxg2 20. Kxg2 Nf5 21.
Kf3 b4 22. axb4 Ke7 23. Ne4 h5 24. h3 Ng7 25. Rd6 Rac8 26. c3 Rc6 27. Rxc6 dxc6
28. Rxd8 Kxd8 29. Nd6 f6 30. exf6 Nf5 31. Nc4 1-0

[Event "4NCL/Div4/GUI4 vs. KJCAK"]
[Site "Wokefield Park ENG"]
[Date "2007.11.25"]
[Round "4.1"]
[White "Dekker, Alain"]
[Black "Jones, William"]
[Result "0-1"]
[WhiteElo "2124"]
[BlackElo "1986"]
[PlyCount "108"]
[EventDate "2007.11.25"]
[EventType "team"]
[EventRounds "11"]
[EventCountry "ENG"]
[SourceDate "2007.09.15"]

1. e4 c5 2. Nf3 d6 3. d4 cxd4 4. Nxd4 Nf6 5. Nc3 a6 6. g4 Bxg4 7. f3 Bd7 8. Bg5
Nc6 9. Nb3 Rc8 10. Qd2 Ne5 11. Qf2 b5 12. O-O-O Nc4 13. Bxc4 bxc4 14. Nd2 Be6
15. f4 Qa5 16. f5 Bd7 17. Rhf1 Ng4 18. Qg3 Ne5 19. Nf3 f6 20. Be3 Rb8 21. Rd5
Qb4 22. Nxe5 dxe5 23. Bc5 Qxb2+ 24. Kd2 Qb7 25. Qg4 g6 26. Rb1 Bh6+ 27. Ke2 Qc8
28. Bb6 O-O 29. Rc5 Qe8 30. Nd5 e6 31. Nc7 exf5 32. exf5 Qe7 33. Qxc4+ Kh8 34.
fxg6 hxg6 35. Nxa6 Rbc8 36. Nc7 Bf5 37. Rc6 e4 38. Bc5 Qe5 39. Bd6 Qa5 40. Bb4
Qe5 41. Bd6 {=} Bg4+ 42. Ke1 Qg5 43. Qc3 Bd7 44. Bc5 e3 45. Bxf8 Qg1+ 46. Ke2
Qg2+ 47. Kd3 Bf5+ 48. Kd4 Qe4+ 49. Kc5 Bxf8+ 50. Kb6 Rb8+ 51. Ka7 Rxb1 52.
Qxf6+ Kg8 53. c4 e2 54. Re6 Qb7# 0-1

[Event "4NCL/Div4/GUI4 vs. KJCAK"]
[Site "Wokefield Park ENG"]
[Date "2007.11.25"]
[Round "4.2"]
[White "Bayliss, Lyall C P"]
[Black "Stimpson, Philip M"]
[Result "1-0"]
[WhiteElo "1967"]
[BlackElo "2090"]
[PlyCount "99"]
[EventDate "2007.11.25"]
[EventType "team"]
[EventRounds "11"]
[EventCountry "ENG"]
[SourceDate "2007.09.15"]

1. e4 d5 2. exd5 Nf6 3. Nf3 Qxd5 4. Nc3 Qa5 5. d4 Bf5 6. Bd2 c6 7. Ne4 Qc7 8.
Ng3 Bg6 9. Ne5 e6 10. h4 Bd6 11. h5 Bxe5 12. dxe5 Qxe5+ 13. Be2 Bf5 14. Nxf5
Qxf5 15. g4 Nxg4 16. f3 Nf6 17. h6 g6 18. Bc3 Nbd7 19. Qd4 c5 20. Qd6 Qd5 21.
Rd1 Qxd6 22. Rxd6 Ke7 23. Rd1 Rhd8 24. Kf2 Nb6 25. b3 Rd5 26. Bb2 Rad8 27. c4
Rxd1 28. Rxd1 Rxd1 29. Bxd1 Ng8 30. Bc1 f6 31. Bc2 Kf7 32. Be4 Nc8 33. Bxb7 Nd6
34. Bc6 Nf5 35. Ba3 Nge7 36. Bd7 Nxh6 37. Bxc5 a6 38. b4 Nhf5 39. b5 axb5 40.
cxb5 Nd5 41. b6 Nxb6 42. Bxb6 Ke7 43. Bb5 Kd6 44. a4 Ne7 45. a5 Nd5 46. Bd8 Nc7
47. Bc4 f5 48. Bxc7+ Kxc7 49. Bxe6 Kb7 50. Bg8 1-0

[Event "4NCL/Div4/GUI4 vs. KJCAK"]
[Site "Wokefield Park ENG"]
[Date "2007.11.25"]
[Round "4.3"]
[White "Sen, Subin"]
[Black "Jones, Victor"]
[Result "0-1"]
[WhiteElo "2026"]
[BlackElo "1851"]
[PlyCount "90"]
[EventDate "2007.11.25"]
[EventType "team"]
[EventRounds "11"]
[EventCountry "ENG"]
[SourceDate "2007.09.15"]

1. Nf3 Nf6 2. c4 e6 3. g3 c5 4. Bg2 Nc6 5. O-O Be7 6. d4 cxd4 7. Nxd4 O-O 8.
Nc3 Qc7 9. b3 a6 10. Bb2 b6 11. Rc1 Bb7 12. e4 Qb8 13. Re1 Nxd4 14. Qxd4 Bc5
15. Qd1 d6 16. a3 b5 17. b4 Bb6 18. cxb5 Qa7 19. Qe2 h5 20. h3 h4 21. g4 d5 22.
bxa6 Bxa6 23. b5 Bb7 24. e5 Nd7 25. Nd1 Nc5 26. Ne3 Qa4 27. Nc2 Nb3 28. Rcd1
Rfc8 29. Bf1 Ba5 30. Nb4 Bxb4 31. axb4 Qxb4 32. Qe3 Rc2 33. Bd4 Ra4 34. Rb1 Ra3
35. Bb2 Ra2 36. Qb6 Nd2 37. Bd3 Nf3+ 38. Kh1 Rxf2 39. Qd8+ Qf8 40. Qxf8+ Kxf8
41. Re2 Rxe2 42. Bxe2 Nd2 43. Ra1 Rxb2 44. Ra7 Ne4 45. Bf1 Nc5 0-1

[Event "4NCL/Div4/GUI4 vs. KJCAK"]
[Site "Wokefield Park ENG"]
[Date "2007.11.25"]
[Round "4.4"]
[White "Lunn, Matt"]
[Black "Roset, Christophe"]
[Result "0-1"]
[WhiteElo "1822"]
[BlackElo "2071"]
[PlyCount "115"]
[EventDate "2007.11.25"]
[EventType "team"]
[EventRounds "11"]
[EventCountry "ENG"]
[SourceDate "2007.09.15"]

1. d4 Nf6 2. c4 e5 3. dxe5 Ng4 4. Bf4 Nc6 5. Nf3 Bb4+ 6. Nbd2 Qe7 7. e3 Ngxe5
8. Nxe5 Nxe5 9. a3 Bxd2+ 10. Qxd2 O-O 11. Be2 d6 12. O-O Bf5 13. Rac1 c6 14.
Rfd1 Rad8 15. f3 g5 16. Bg3 f6 17. e4 {=} Be6 18. f4 gxf4 19. Bxf4 Kh8 20. Rc3
Rg8 21. Bxe5 dxe5 22. Qe3 c5 23. Rxd8 Rxd8 24. Rd3 Rd4 25. Rxd4 cxd4 26. Qd2 b6
27. b4 Qc7 28. Qh6 {=} Qg7 29. Qh5 Qg6 30. Qf3 Kg7 31. g4 h5 32. h3 hxg4 33.
hxg4 Qh6 34. Kf2 Qh2+ 35. Qg2 Qf4+ 36. Qf3 Qd2 37. Kg3 Qc3 38. Kf2 Bxc4 39.
Bxc4 Qxc4 40. Qf5 Qc2+ 41. Kg3 Qc3+ 42. Kh4 Qe1+ 43. Kh3 Qh1+ 44. Kg3 Qg1+ 45.
Kh3 Qe3+ 46. Kg2 d3 47. Qd7+ Kh6 48. Qe8 Qxe4+ 49. Kg3 Qe1+ 50. Kf3 e4+ 51. Kg2
Qe2+ 52. Kg3 Qe1+ 53. Kg2 Kg5 54. Qh5+ Kf4 55. Qf5+ Ke3 56. Qxf6 Qe2+ 57. Kg1
Qxg4+ 58. Kh2 0-1

[Event "4NCL/Div4/GUI4 vs. KJCAK"]
[Site "Wokefield Park ENG"]
[Date "2007.11.25"]
[Round "4.5"]
[White "Gibbs, Daniel"]
[Black "Maguire, Robert"]
[Result "1-0"]
[WhiteElo "1990"]
[BlackElo "1703"]
[PlyCount "49"]
[EventDate "2007.11.25"]
[EventType "team"]
[EventRounds "11"]
[EventCountry "ENG"]
[SourceDate "2007.09.15"]

1. d4 d5 2. c4 e6 3. Nc3 Nf6 4. cxd5 exd5 5. Bg5 Be7 6. e3 O-O 7. Bd3 h6 8. Bf4
Nbd7 9. Qc2 c6 10. h3 Bb4 11. Nf3 Re8 12. O-O Bxc3 13. bxc3 Ne4 14. c4 Ndf6 15.
cxd5 Qxd5 16. Ne5 Qd8 17. Bxe4 Nxe4 18. Qxe4 f6 19. Bxh6 fxe5 20. Qg6 Qd7 21.
Bxg7 exd4 22. Bxd4+ Kf8 23. Bc5+ Re7 24. Qf6+ Ke8 25. Qxe7+ 1-0

[Event "4NCL/Div4/GUI4 vs. KJCAK"]
[Site "Wokefield Park ENG"]
[Date "2007.11.25"]
[Round "4.6"]
[White "Gahir, Jasdeep"]
[Black "Smart, Michael R"]
[Result "0-1"]
[WhiteElo "1715"]
[BlackElo "1972"]
[PlyCount "92"]
[EventDate "2007.11.25"]
[EventType "team"]
[EventRounds "11"]
[EventCountry "ENG"]
[SourceDate "2007.09.15"]

1. e4 Nf6 2. Nc3 d5 3. e5 Ne4 4. Nce2 d4 5. c3 dxc3 6. Nxc3 Nxc3 7. bxc3 Qd5 8.
d4 c5 9. Qf3 e6 10. Bb2 cxd4 11. Qxd5 exd5 12. cxd4 Bb4+ 13. Kd1 O-O 14. f4 Bd7
15. Bd3 Ba4+ 16. Ke2 Rc8 17. Nf3 Nd7 18. Rac1 Nb6 19. g4 Nc4 20. Bxc4 Rxc4 21.
Rxc4 Bb5 22. a3 Bxc4+ 23. Ke3 Be7 24. f5 b5 25. h4 a5 26. Ra1 Rb8 27. Rb1 b4
28. a4 Rc8 29. Rc1 Ba6 30. Rxc8+ Bxc8 31. Kf4 Bd7 32. g5 Bxa4 33. e6 f6 34. Ne1
Bb5 35. Nc2 Bd3 36. Ne3 Bc4 37. Ng4 a4 38. Nf2 a3 39. Ba1 b3 40. Nd1 Be2 41.
Nb2 axb2 42. Bxb2 Bc4 43. Kg4 Kf8 44. gxf6 gxf6 45. Kh5 Be2+ 46. Kh6 Kg8 0-1

[Event "4NCL/Div4/OXF3 vs. NOTT2"]
[Site "Wokefield Park ENG"]
[Date "2007.11.25"]
[Round "4.1"]
[White "Chen, Ti"]
[Black "de Mooi, CJ."]
[Result "1/2-1/2"]
[WhiteElo "1995"]
[BlackElo "2040"]
[PlyCount "87"]
[EventDate "2007.11.25"]
[EventType "team"]
[EventRounds "11"]
[EventCountry "ENG"]
[SourceDate "2007.09.15"]

1. d4 f5 2. Nf3 Nf6 3. c4 g6 4. Nc3 d6 5. e3 Bg7 6. Bd3 O-O 7. b3 Qe8 8. Nd5
Nxd5 9. cxd5 c5 10. dxc6 Nxc6 11. Bc4+ Kh8 12. Bb2 Bd7 13. Qd2 a6 14. d5 Ne5
15. Nxe5 dxe5 16. Rd1 b5 17. Be2 e4 {=} 18. O-O e6 19. Bxg7+ Kxg7 20. f3 exd5
21. Qc3+ Kg8 22. Rxd5 Rc8 23. Qd4 Bc6 24. Rd6 exf3 25. Bxf3 Bxf3 26. gxf3 Rd8 {
=} 27. Qd5+ Kh8 28. Kf2 Qe7 29. Qd4+ Kg8 30. Rd1 Rxd6 31. Qxd6 Qf6 32. Qxf6
Rxf6 33. Rd7 Rc6 34. Rd2 Kf7 35. Kg3 Kf6 36. h4 h6 37. Rd8 Re6 38. Rf8+ Kg7 39.
Ra8 Kf6 40. Kf2 Rc6 41. Ke1 g5 42. hxg5+ hxg5 43. Kd2 Rd6+ 44. Ke2 1/2-1/2

[Event "4NCL/Div4/OXF3 vs. NOTT2"]
[Site "Wokefield Park ENG"]
[Date "2007.11.25"]
[Round "4.2"]
[White "Thompson, Brian"]
[Black "Hadi, Justin"]
[Result "1-0"]
[WhiteElo "1943"]
[BlackElo "1985"]
[PlyCount "67"]
[EventDate "2007.11.25"]
[EventType "team"]
[EventRounds "11"]
[EventCountry "ENG"]
[SourceDate "2007.09.15"]

1. d4 Nf6 2. Nf3 c5 3. d5 d6 4. Nc3 e6 5. e4 exd5 6. exd5 Be7 7. Be2 O-O 8. O-O
b6 9. Bf4 Ba6 10. Re1 Re8 11. Qd2 Bxe2 12. Rxe2 Qd7 13. Rae1 Na6 14. Ng5 Nc7
15. Nge4 Nxe4 16. Nxe4 Bf8 17. h3 b5 18. b3 h6 19. Bxh6 Rxe4 20. Rxe4 gxh6 21.
Rg4+ Kh7 22. Qd3+ f5 23. Rf4 c4 24. Qf3 Re8 25. Rxe8 Qxe8 26. Rxf5 Qe1+ 27. Kh2
Bg7 28. g3 a6 29. Rf7 Ne8 30. Qf5+ Kg8 31. Ra7 a5 32. Qf7+ Kh8 33. Re7 Qc3 34.
Rxe8+ 1-0

[Event "4NCL/Div4/OXF3 vs. NOTT2"]
[Site "Wokefield Park ENG"]
[Date "2007.11.25"]
[Round "4.3"]
[White "Levicki, Jeffrey"]
[Black "Taylor, Robert P"]
[Result "1-0"]
[WhiteElo "1895"]
[BlackElo "1990"]
[PlyCount "83"]
[EventDate "2007.11.25"]
[EventType "team"]
[EventRounds "11"]
[EventCountry "ENG"]
[SourceDate "2007.09.15"]

1. e4 d6 2. d4 Nf6 3. Nc3 Nbd7 4. f4 g6 5. Nf3 e6 6. h3 h5 7. e5 Ng8 8. Bd3 Be7
9. Be3 d5 10. O-O c5 11. Nxd5 cxd4 12. Nxe7 dxe3 13. Nxg8 Rxg8 14. c3 Qb6 15.
Qe2 Nc5 16. Bb5+ Bd7 17. Bxd7+ Nxd7 18. Nd4 Ke7 19. Rfd1 Nc5 20. Qxe3 Rgd8 21.
Rd2 Rd7 22. Rad1 Rad8 23. g4 hxg4 24. hxg4 Na6 25. f5 exf5 26. gxf5 gxf5 27.
Nxf5+ Ke8 28. Qxb6 axb6 29. Nd6+ Kf8 30. Rf1 Re7 31. Rdf2 Rdd7 32. b4 Nc7 33.
Rf5 Nd5 34. R1f3 Re6 35. Nxf7 Rg6+ 36. Kf2 Kg7 37. Nd6 Re6 38. Rg3+ Kh7 39. Nf7
Rg6 40. e6 Re7 41. Rxd5 Rexe6 42. Ng5+ 1-0